000 00313nam a22001337a 4500
003 SGT
082 _a370
_bE11T
100 _aTALWAR, KAMLESHWAR
245 _aEDUCATIONAL VALUE AND SUSTAINABLE DEVELOPMENT
260 _aNEW DELHI
_bADHYAYAN PUB
_c2011
300 _a263
650 _aEDUCATION
942 _2ddc
_cBK
_01
999 _c12323
_d12323